STN EN 865: 1999 (36 4821) [neplatná], Pulzové oximetre. Osobitné požiadavky

Bibliographic Details
Format: Book
Language:Undetermined
PhysicalDescription:28 s.
Published: Bratislava Úrad pre normalizáciu, metrológiu a skúšobníctvo SR 1999
Subjects:

MARC

LEADER 00000cam a2200000 a 4500
001 vtls001377315
003 SK-MaSNL
005 20260302071431.0
008 160624s1999 xo 0 und
035 |a SNK000331261 
040 |a SNK  |b slo  |c SNK  |e AACR2 
044 |a xo  |c SK 
046 |a m  |m 199910 (účin.)  |n 200508 (zruš.) 
072 7 |a 615  |x Farmácia. Farmakológia  |2 konspekt 
080 |a 615.849  |2 2011 
130 0 |a STN 36 4821 (STN EN 865) [neplatná]  |9 733165 
245 1 0 |a STN EN 865: 1999 (36 4821) [neplatná], Pulzové oximetre. Osobitné požiadavky 
260 |a Bratislava  |b Úrad pre normalizáciu, metrológiu a skúšobníctvo SR  |c 1999 
300 |a 28 s. 
500 |a Norma je nahradená normami STN EN ISO 21647 a STN EN ISO 9919 z augusta 2005 
650 0 7 |a rádiológia  |2 SNKPH  |9 2579 
650 0 7 |a Radiology  |2 SNKPHeng  |9 267249 
655 7 |a normy  |2 SNKPH  |9 70643 
852 |a Štátna vedecká knižnica v Banskej Bystrici 
999 |c 1152043  |d 1153973 
952 |t P60, <03>, [BOOK], {603}  |a SNK  |b SNK  |y PREZ  |7 0  |p 17A0212582  |o snkSTN EN 865  |i snkN 2178/99  |0 0  |1 0  |4 0  |d 1999-11-19  |l 0  |r 2005-01-02 00:00:00  |w 2026-02-24 
952 |t P60, <04>, [BOOK], {604}  |a SNK  |b SNK  |y VYP  |7 0  |p 17A0212581  |o snkSTN EN 865 D1  |i snkN 2179/99  |0 0  |1 0  |4 0  |d 1999-11-19  |l 0  |r 2005-01-02 00:00:00  |w 2026-02-24